Tìm hiều tình hình phát triển nghề nuôi tôm huyện Núi Thành - Tỉnh Quảng Nan giai đoạn 2001 - 2007 và ảnh hưởng của nền kinh tế - xã hội cà môi trường tự nhiên địa phương

Đặc điểm của ngành nuôi trồng thủy sản.Tình hình phát triển nghề nuôi tôm huyện Núi Thành - tỉnh Quảng Nam giai đoạn 2001 - 2007. Tác động của nghề nuôi tôm đến sự phát triển kinh tế - xã hội và môi trường tự nhiên huyện Núi Thành....

Popoln opis

Shranjeno v:
Bibliografske podrobnosti
Glavni avtor: Chung,Thị Thanh Nhàn
Drugi avtorji: Nguyễn,Thị Mây Th.S (Hướng dẫn)
Format: Knjiga
Jezik:Vietnamese
Izdano: Đà Nẵng Trường Đại học Sư phạm 2009
Serija:Khóa luận tốt nghiệp ĐH. Chuyên ngành: Địa Lý
Teme:
Oznake: Označite
Brez oznak, prvi označite!
Thư viện lưu trữ: Mạng thư viện Đại học Đà Nẵng
LEADER 01759nam a2200337 4500
001 000011487
003 7735
005 20120206090250.0
008 120206s2009 viesd
041 |a vie 
072 |a Khóa luận tốt nghiệp 
082 |a 639.8  |b CH-N 
100 |a Chung,Thị Thanh Nhàn 
245 |a Tìm hiều tình hình phát triển nghề nuôi tôm huyện Núi Thành - Tỉnh Quảng Nan giai đoạn 2001 - 2007 và ảnh hưởng của nền kinh tế - xã hội cà môi trường tự nhiên địa phương  |c Chung,Thị Thanh Nhàn; Người hướng dẫn Nguyễn,Thị Mây 
260 |a Đà Nẵng  |b Trường Đại học Sư phạm  |c 2009 
300 |a 61tr, ảnh, biểu đồ,  |c 29 cm. 
490 |a Khóa luận tốt nghiệp ĐH. Chuyên ngành: Địa Lý 
500 |a Tài liệu tham khảo tr.61 
520 |a Đặc điểm của ngành nuôi trồng thủy sản.Tình hình phát triển nghề nuôi tôm huyện Núi Thành - tỉnh Quảng Nam giai đoạn 2001 - 2007. Tác động của nghề nuôi tôm đến sự phát triển kinh tế - xã hội và môi trường tự nhiên huyện Núi Thành. 
653 |a Khóa luận tốt nghiệp Đại học 
700 |a Nguyễn,Thị Mây  |c Th.S  |e Hướng dẫn 
OWN |a LSP 
AVA |a UDN50  |b LSP  |d 639.8 CH-N  |e available  |t Error 5001 Not defined in file expand_doc_bib_avail.  |f 1  |g 0  |h N  |i 0  |k 1 
999 |a From the UDN01 
AVA |a UDN50  |b LSP  |d 639.8 CH-N  |e available  |t Error 5001 Not defined in file expand_doc_bib_avail.  |f 1  |g 0  |h N  |i 0  |k 1 
TYP |a Monograph 
TYP |a Printed language 
980 |a Mạng thư viện Đại học Đà Nẵng